Every Song by New Found Glory - Statistics

General Stats
  • This quiz has been taken 62 times
    7 since last reset
  • The average score is 21 of 171
Answer Stats
Album Song % Correct
Listen Up!(2026) 100%
100%
Catalyst(2004) All Downhill from Here
100%
Coming Home(2006) Coming Home
100%
December's Here(2021) December's Here
100%
New Found Glory(2000) Hit or Miss
100%
Coming Home(2006) Hold My Hand
100%
Sticks and Stones(2002) My Friends Over You
100%
Radiosurgery(2011) Radiosurgery
100%
Resurrection(2014) Resurrection
100%
Sticks and Stones(2002) Sonny
100%
Tip of the Iceberg(2008) Tip of the Iceberg
100%
Makes Me Sick Again(2018) 20 Years From Now
50%
Not Without a Fight(2009) 47
50%
Catalyst(2004) At Least I'm Known for Something
50%
Sticks and Stones(2002) Belated
50%
Listen Up!(2026) Boom Roasted
50%
Not Without a Fight(2009) Don't Let Her Pull You Down
50%
New Found Glory(2000) Dressed to Kill
50%
New Found Glory(2000) Eyesore
50%
Sticks and Stones(2002) Forget My Name
50%
Sticks and Stones(2002) Head on Collision
50%
Catalyst(2004) I'd Kill to Fall Asleep
50%
Coming Home(2006) It's Not Your Fault
50%
Radiosurgery(2011) Map of Your Body
50%
A Very New Found Glory Christmas(2012) Nothing for Christmas
50%
Coming Home(2006) Oxygen
50%
Makes Me Sick(2017) Party on Apocalypse
50%
Radiosurgery(2011) Summer Fling, Don't Mean a Thing
50%
Sticks and Stones(2002) The Story So Far
50%
Sticks and Stones(2002) Understatement
50%
Makes Me Sick(2017) Your Jokes Aren't Funny
50%
Nothing Gold Can Stay(1999) 2's + 3's
0%
Nothing Gold Can Stay(1999) 3rd and Long
0%
New Found Glory(2000) All Bout Her
0%
Listen Up!(2026) A Love Song
0%
Resurrection(2014) Angel
0%
Sticks and Stones(Bonus)(2002) Anniversary
0%
Radiosurgery(2011) Anthem for the Unwanted
0%
Forever + Ever x Infinity(Bonus)(2020) Backseat
0%
New Found Glory(2000) Ballad for the Lost Romantics
0%
Makes Me Sick(2017) Barbed Wire
0%
Listen Up!(2026) Beer and Blood Stains
0%
New Found Glory(2000) Better Off Dead
0%
Forever + Ever x Infinity(2020) Birthday Song But Not Really
0%
New Found Glory(2000) Black & Blue
0%
Makes Me Sick(2017) Blurred Vision
0%
New Found Glory(2000) Boy Crazy
0%
Nothing Gold Can Stay(1999) Broken Sound
0%
Makes Me Sick(2017) Call Me Anti-Social
0%
Radiosurgery(2011) Caught in the Act
0%
December's Here(2021) Christmas Card
0%
Coming Home(2006) Connected Boulderx
0%
Hits(2008) Constant Static
0%
Resurrection(2014) Degenerate
0%
Tip of the Iceberg(2008) Dig My Own Grave
0%
Forever + Ever x Infinity(2020) Himalaya
0%
December's Here(2021) Don't Fight It's Christmas
0%
Not Without a Fight(2009) Don't Let This Be the End
0%
Forever + Ever x Infinity(2020) Double Chin for the Win
0%
Catalyst(2004) Doubt Full
0%
Forever + Ever x Infinity(2020) Do You Want to Settle Down?
0%
Listen Up!(2026) Dream Born Again
0%
Radiosurgery(2011) Drill It in My Brain
0%
Radiosurgery(2011) Dumped
0%
Catalyst(2004) Ending in Tragedy
0%
Hits(2008) Ex-Miss
0%
Catalyst(2004) Failure's Not Flattering
0%
Coming Home(2006) Familiar Landscapes
0%
Forever + Ever x Infinity(Bonus)(2020) Ferris Wheel
0%
December's Here(2021) For Christmas Sake
0%
Sticks and Stones(Bonus)(2002) Forget Everything
0%
Listen Up!(2026) Frankenstein's Monster
0%
Forever + Ever x Infinity(2020) Greatest of All Time
0%
Makes Me Sick(2017) Happy Being Miserable
0%
Not Without a Fight(2009) Heartless at Best
0%
Makes Me Sick Again(2018) Heaven Sent
0%
December's Here(2021) Holiday Records
0%
Catalyst(2004) I Don't Wanna Know
0%
Tip of the Iceberg(2008) If You Don't Love Me
0%
Not Without a Fight(2009) I'll Never Love Again
0%
Radiosurgery(2011) I'm Not the One
0%
Catalyst(2004) Intro
0%
Nothing Gold Can Stay(1999) It Never Snows in Florida
0%
Sticks and Stones(2002) It's Been a Summer
0%
It's All About the Girls(1997) JB
0%
Listen Up!(2026) Laugh It Off
0%
Forever + Ever x Infinity(2020) Like I Never Existed
0%
Not Without a Fight(2009) Listen to Your Friends
0%
Resurrection(2014) Living Hell
0%
Coming Home(2006) Love and Pain
0%
Coming Home(2006) Make Your Move
0%
Listen Up!(2026) Medicine
0%
Radiosurgery(2011) Memories and Battle Scars
0%
Forever + Ever x Infinity(2020) More and More
0%
It's All About the Girls(1997) My Solution
0%
Sticks and Stones(2002) Never Give Up
0%
Nothing Gold Can Stay(1999) Never Sometimes
0%
Catalyst(2004) No News is Good News
0%
Forever + Ever x Infinity(2020) Nothing to Say
0%
Resurrection(2014) One More Round
0%
Coming Home(2006) On My Mind
0%
Resurrection(2014) On My Own
0%
December's Here(2021) Our First Christmas
0%
Radiosurgery(Deluxe)(2011) Over Again
0%
Hits(2008) Over Me
0%
Catalyst(2004) Over the Head, Below the Knees
0%
Nothing Gold Can Stay(1999) Passing Time
0%
Resurrection(2014) Persistent
0%
Forever + Ever x Infinity(Bonus)(2020) Puzzles
0%
Radiosurgery(2011) Ready, Aim, Fire!
0%
Resurrection(2014) Ready & Willing
0%
Resurrection:Ascension(2015) Ready & Willing II
0%
Not Without a Fight(2009) Reasons
0%
Not Without a Fight(2009) Right Where We Left Off
0%
Radiosurgery(Deluxe)(2011) Sadness
0%
Forever + Ever x Infinity(2020) Same Side Sitters
0%
December's Here(2021) Santa Forgive Me
0%
Makes Me Sick(2017) Say It Don't Spray It
0%
Forever + Ever x Infinity(2020) Scarier Than Jason Vorheese at a Campfire
0%
It's All About the Girls(1997) Scraped Knees
0%
Resurrection(2014) Selfless
0%
Radiosurgery(Deluxe)(2011) Separate Beds
0%
It's All About the Girls(1997) Shadow
0%
Forever + Ever x Infinity(2020) Shook By Your Shaved Head
0%
Makes Me Sick(2017) Short and Sweet
0%
New Found Glory(2000) Sincerely Me
0%
Sticks and Stones(2002) Singled Out
0%
Hits(2008) Situations
0%
Forever + Ever x Infinity(2020) Slipping Away
0%
December's Here(2021) Snow
0%
December's Here(2021) Somber Christmas
0%
Sticks and Stones(2002) Something I Call Personality
0%
It's All About the Girls(1997) Standstill
0%
Forever + Ever x Infinity(2020) Stay Awhile
0%
Resurrection(2014) Stories of a Different Kind
0%
Resurrection(2014) Stubborn
0%
Not Without a Fight(2009) Such a Mess
0%
New Found Glory(2000) Sucker
0%
Coming Home(2006) Taken Back by You
0%
Not Without a Fight(2009) Tangled Up
0%
Nothing Gold Can Stay(1999) Tell Tale Heart
0%
Nothing Gold Can Stay(1999) That Winter of 95
0%
Nothing Gold Can Stay(1999) The Blue Stare
0%
Makes Me Sick(2017) The Cheapest Thrill
0%
Resurrection:Ascension(2015) The Crown
0%
Forever + Ever x Infinity(Bonus)(2020) The Devil Has Many Faces
0%
Resurrection:Ascension(2015) The Enemy
0%
Nothing Gold Can Stay(1999) The Goodbye Song
0%
Sticks and Stones(2002) The Great Houdini
0%
Forever + Ever x Infinity(Bonus)(2020) The Last Red-Eye
0%
Forever + Ever x Infinity(Bonus)(2020) The New Abnormal
0%
Makes Me Sick(2017) The Sound of Two Voices
0%
Sticks and Stones(2002) The Toothpick Song
0%
Forever + Ever x Infinity(2020) The Way You Deserve
0%
Resurrection(2014) The Worst Person
0%
Catalyst(2004) This Disaster
0%
Not Without a Fight(2009) This Isn't You
0%
Coming Home(2006) Too Good to Be
0%
Radiosurgery(2011) Trainwreck
0%
Listen Up!(2026) Treat Yourself
0%
Forever + Ever x Infinity(2020) Trophy
0%
Not Without a Fight(2009) Truck Stop Blues
0%
Catalyst(2004) Truth of My Youth
0%
Makes Me Sick Again(2018) Vacation Day
0%
New Found Glory(2000) Vegas
0%
Resurrection(2014) Vicious Love
0%
Coming Home(2006) When I Die
0%
Catalyst(2004) Who Am I
0%
Listen Up!(2026) You Got This
0%
Catalyst(2004) Your Biggest Mistake
0%
Nothing Gold Can Stay(1999) You've Got a Friend in Pennsylvania
0%
No matching quizzes found
Score Distribution
Percent of People with Each Score
Percentile by Number Answered
Your Score History
You have not taken this quiz since the last reset